|
|
|
|
| LEADER |
01121nam a2200325 a 4500 |
| 001 |
000706350 |
| 003 |
CZ BrMZK |
| 005 |
20090203114634.0 |
| 007 |
ta |
| 008 |
040217s2004 xr a g 000 f cze d |
| 015 |
|
|
|a cnb001305397
|
| 020 |
|
|
|a 80-903418-0-2
|q (Arcadia Art Agency)
|
| 020 |
|
|
|a 80-86328-42-2
|q (Epocha)
|
| 035 |
|
|
|a (OCoLC)56856891
|
| 040 |
|
|
|a ULG001
|b cze
|d BOA001
|
| 072 |
|
7 |
|a 821.162.3-3
|x Česká próza
|2 Konspekt
|9 25
|
| 080 |
|
|
|a 821.162.3-3
|2 MRF
|
| 080 |
|
|
|a (0:82-3)
|2 MRF
|
| 100 |
1 |
|
|a Krůta, Jan,
|d 1946-
|7 jk01063593
|4 aut
|
| 245 |
1 |
0 |
|a Jizvy na zip ;
|b Bylo - debilo /
|c Jan Krůta
|
| 250 |
|
|
|a 1. vyd.
|
| 260 |
|
|
|a Praha :
|b Arcadia Art Agency :
|b Epocha,
|c 2004
|
| 300 |
|
|
|a [160] s. :
|b il. ;
|c 22 cm
|
| 500 |
|
|
|a Text zvratmo
|
| 655 |
|
7 |
|a české prózy
|7 fd133972
|2 czenas
|
| 740 |
0 |
2 |
|a Bylo - debilo
|
| 856 |
4 |
1 |
|u http://www.digitalniknihovna.cz/mzk/uuid/uuid:29185b70-559f-11e3-ae59-005056827e52
|y Digitalizovaný dokument
|x NDK
|
| 910 |
|
|
|a BOA001
|b 2-1130.108
|
| 990 |
|
|
|a BK
|
| 996 |
6 |
|
|b 2610213000
|c 2-1130.108
|l MZK
|r Sklad / do 1 hodiny
|n 1
|p p.v.
|w 000706350
|u 000010
|a 1
|e BOA001
|j MZK50
|s P
|